Integrated Pest Management. Current Concepts and Ecological Perspective.
Uloženo v:
| Další autoři: | |
|---|---|
| Médium: | Neznámo |
| Jazyk: | angličtina |
| Vydáno: |
Amsterdam, The Netherlands:
Elsevier; Academic Press,
2014.
|
| Témata: | |
| Tagy: |
Přidat tag
Žádné tagy, Buďte první, kdo vytvoří štítek k tomuto záznamu!
|
MARC
| LEADER | 00000 a2200000 4500 | ||
|---|---|---|---|
| 003 | CL-VaPUC | ||
| 005 | 20241024160842.0 | ||
| 008 | 220705t2014 ||||| |||| 00| 0 eng d | ||
| 999 | |c 434678 |d 434676 | ||
| 020 | |a 9780123985293 | ||
| 040 | |c Pontificia Universidad Católica de Valparaíso | ||
| 082 | 7 | |a 632.96 ABR 2014 |2 22 | |
| 100 | |a Abrol, Dharam P. |9 866854 |e editor | ||
| 245 | |a Integrated Pest Management. |b Current Concepts and Ecological Perspective. | ||
| 260 | |a Amsterdam, The Netherlands: |b Elsevier; |b Academic Press, |c 2014. | ||
| 300 | |a 561 páginas. | ||
| 583 | |k Sebastián Perez |c 20220705 | ||
| 650 | 0 | |a Control biológico de plagas |x Insectos |9 328048 | |
| 650 | 0 | |a Manejo integrado |x Plagas |9 892762 | |
| 650 | 0 | |a Herbicidas |9 393022 | |
| 942 | |2 ddc |c BK | ||
| 952 | |0 0 |1 0 |2 ddc |4 0 |6 632_960000000000000_ABR_2014 |7 0 |8 A |9 584340 |a BIBAGR |b BIBAGR |c GEN |d 2022-07-05 |e 74 |g 103532.00 |i 5652447 |o 632.96 ABR 2014 |p 5652447 |r 2025-01-20 |t 1 |v 103532.00 |w 2022-07-05 |y BK |k AGR | ||
| 952 | |0 0 |1 0 |2 ddc |4 0 |6 632_960000000000000_ABR_2014 |7 0 |8 A |9 584341 |a BIBAGR |b BIBAGR |c GEN |d 2022-07-05 |e 74 |g 103532.00 |i 5652448 |o 632.96 ABR 2014 |p 5652448 |r 2025-01-20 |t 2 |v 103532.00 |w 2022-07-05 |y BK |k AGR | ||